000 01162nam a2200229Ii 4500
003 JO-AjNU
005 20240623123312.0
008 230605s9999||||xx |||||||||||||| ||und||
040 _aJO-AjNU
_bara
_erda
_cJO-AjNU
041 _aara
100 _aالخطيب، بشار تركي عيسى
_964850
_eمعد
245 _aمدى تأثير تقرير مدقق الحسابات والبيانات المالية المدققة على القرارات الاستثمارية : "دراسة ميدانية" = The Effect of the Auditor Report and the Audited Financial Information on Investment Decisions : An Empirical Study
_c / اعداد بشار تركي عيسى الخطيب؛ اشراف عبير فايز الخوري
260 _c2010
300 _a89 ورقه
336 _atext
_btxt
_2rdacontent
337 _aunmediated
_bn
_2rdamedia
338 _avolume
_bnc
_2rdacarrier
500 _aرساله جامعية (ماجستير) - جامعة اليرموك، 2010
650 _vالاستثمار-اتخاذ القرارات-التقارير المالية-محاسبة
700 _aعبير فايز الخوري
_964852
_eمشرف
942 _2lcc
_cTHS
999 _c33003
_d33003